000 00717cam a2200205 4500
001 J100521
008 000000n1997 000 0 eng u
035 _a(Sirsi) u100521
041 _aENG
050 _a526.809
110 _aRoyal Institution of Chartered Surveyors
_94900
245 _aOrdnance Survey in the next millennium. A paper prepared by the OS Working Group for the RICS Information Management Panel, in consultation with the Association of Geographic Information. May 1997.
260 _aLondonbRICS
_C1997
300 _a36p. ; 30cm.
650 _aMAPPING
650 _aGEOGRAPHIC INFORMATION
690 _aORDNANCE SURVEY
710 _aAssociation for Geographic Information
_9166
942 _n0
999 _c99712
_d99712